[Event "SVK-ch U18"]
[Site "Stara Lubovna"]
[Date "2022.05.21"]
[Round "1"]
[White "Petrek, Dominik"]
[Black "Kostura, Daniel"]
[Result "1-0"]
[WhiteElo "2110"]
[BlackElo "1510"]
[PlyCount "37"]
[EventDate "2022.05.21"]
[EventType "swiss"]
[EventRounds "9"]
[EventCountry "SVK"]
[SourceTitle "CBM 208 Extra"]
[Source "ChessBase"]
[SourceDate "2022.07.31"]
[SourceVersion "1"]
[SourceVersionDate "2022.07.31"]
[SourceQuality "1"]

1. Nf3 Nf6 2. c4 e6 3. d4 Bb4+ 4. Nbd2 b6 5. g3 Bb7 6. Bg2 0-0 7. 0-0 c5 8. Nb3 cxd4 9. Nbxd4 Qc7 10. a3 Be7 11. b3 Ne4 12. Bb2 f5 13. Rc1 Bf6 14. Nb5 Qc6 15. Bxf6 Nxf6 16. Nd6 Rd8 17. b4 Ne4 18. Nxe4 Qxe4 19. Nh4 1-0

[Event "SVK-chT1W 2122"]
[Site "Slovakia"]
[Date "2022.04.24"]
[Round "9.8"]
[White "Sarkozi, Szabolcs"]
[Black "Petrek, Dominik"]
[Result "0-1"]
[WhiteElo "2066"]
[BlackElo "2060"]
[PlyCount "132"]
[EventDate "2021.11.06"]
[EventType "team-tourn"]
[EventRounds "11"]
[EventCountry "SVK"]
[SourceTitle "EXT 2023"]
[Source "ChessBase"]
[SourceDate "2022.10.05"]
[SourceVersion "1"]
[SourceVersionDate "2022.10.05"]
[SourceQuality "1"]
[WhiteTeam "Komarno"]
[BlackTeam "Bratislava Doprastav"]
[WhiteTeamCountry "SVK"]
[BlackTeamCountry "SVK"]

1. e4 e6 2. d4 d5 3. Nc3 Bb4 4. Nge2 dxe4 5. a3 Be7 6. Nxe4 Nd7 7. N2c3 Ngf6 8. Bd3 0-0 9. Qf3 Nxe4 10. Nxe4 Nf6 11. Bd2 Rb8 12. 0-0 Bd7 13. Qh3 g6 14. Nc5 Bc8 15. Rfe1 Qxd4 16. Bc3 Qg4 17. Bxf6 Qxh3 18. Bxe7 Qh5 19. Ne4 f5 20. Nf6+ Rxf6 21. Bxf6 Bd7 22. Rad1 Qh6 23. Bc4 Be8 24. Be5 Bf7 25. Rd7 Qh4 26. Bxc7 Rc8 27. Bb3 g5 28. Rxf7 Kxf7 29. Bxe6+ Kg6 30. Bg3 Qd4 31. Bxc8 f4 32. Bxb7 Qxb2 33. Be4+ Kg7 34. Bxf4 gxf4 35. g3 fxg3 36. hxg3 Qxa3 37. Bd3 h6 38. Kg2 a5 39. Re6 a4 40. Rg6+ Kf8 41. Rxh6 Qb2 42. Ra6 a3 43. Bc4 Qb7+ 44. Kh2 Qxa6 45. Bxa6 a2 46. Bd3 Kg7 47. Kg2 Kf6 48. Bc4 a1Q 49. Bd3 Qc1 50. Kf3 Qd2 51. Kg2 Ke5 52. Kf3 Kd4 53. Kg2 Kc3 54. Kg1 Kb2 55. Kg2 Kc1 56. Kg1 Kd1 57. Kf1 Qh6 58. Be4 Qe6 59. Bf3+ Kxc2 60. Kg2 Kd2 61. Bb7 Ke1 62. f3 Ke2 63. Be4 Qh6 64. Bd5 Qc1 65. g4 Ke3 66. Be4 Kf4 0-1

[Event "SVK-ch U16 rapid"]
[Site "Nitra"]
[Date "2021.09.11"]
[Round "5"]
[White "Petrek, Dominik"]
[Black "Sosovicka, Jakub"]
[Result "1/2-1/2"]
[WhiteElo "1535"]
[BlackElo "1851"]
[PlyCount "76"]
[EventDate "2021.09.11"]
[EventType "swiss (rapid)"]
[EventRounds "7"]
[EventCountry "SVK"]
[SourceTitle "EXT 2023"]
[Source "ChessBase"]
[SourceDate "2022.10.05"]
[SourceVersion "1"]
[SourceVersionDate "2022.10.05"]
[SourceQuality "1"]

1. d4 d5 2. Nf3 Nf6 3. g3 e6 4. Bg2 Be7 5. 0-0 0-0 6. c4 dxc4 7. Ne5 Nc6 8. Nxc6 bxc6 9. Na3 Rb8 10. Nxc4 c5 11. dxc5 Bxc5 12. Ne5 Bb7 13. Nc6 Bxc6 14. Bxc6 Qxd1 15. Rxd1 Ng4 16. e3 Rfd8 17. Ba4 Ne5 18. Kg2 Be7 19. Bb3 Rxd1 20. Bxd1 Bf6 21. Be2 a5 22. Rb1 Nc6 23. b3 Rd8 24. a3 Be7 25. h4 h6 26. Bb2 Rd2 27. Bf3 Rc2 28. Be4 Rc5 29. Rc1 Rxc1 30. Bxc1 Ne5 31. Bb2 Nd7 32. Bc3 Bxa3 33. Bxa5 Nc5 34. Bc2 c6 35. Kf3 Kf8 36. Ke2 Ke7 37. Kd2 Bb2 38. Bb4 Kd6 1/2-1/2

[Event "SVK-ch U16"]
[Site "Stara Lubovna"]
[Date "2021.07.02"]
[Round "8"]
[White "Petrek, Dominik"]
[Black "Orgon, Patrik"]
[Result "1-0"]
[WhiteElo "1891"]
[BlackElo "1666"]
[PlyCount "95"]
[EventDate "2021.06.26"]
[EventType "swiss"]
[EventRounds "9"]
[EventCountry "SVK"]
[SourceTitle "CBM 203 Extra"]
[Source "ChessBase"]
[SourceDate "2021.09.30"]
[SourceVersion "1"]
[SourceVersionDate "2021.09.30"]
[SourceQuality "1"]

1. d4 f5 2. Bg5 h6 3. Bh4 g5 4. e3 Nf6 5. Bg3 d6 6. h4 g4 7. h5 Nc6 8. Nc3 Bd7 9. Bc4 Bg7 10. a3 Bc8 11. Nge2 d5 12. Bb3 a6 13. Nf4 e6 14. Ng6 Rg8 15. Qe2 b5 16. Bf4 Qd7 17. 0-0-0 Bb7 18. f3 0-0-0 19. Ne5 Qe7 20. a4 b4 21. Na2 Nxe5 22. Bxe5 Nd7 23. Bxg7 Rxg7 24. f4 c5 25. dxc5 Nxc5 26. Kb1 Nxb3 27. cxb3 Qd6 28. Qd2 a5 29. Rc1+ Kb8 30. Qd4 Rc7 31. Rxc7 Qxc7 32. Rc1 Bc6 33. Rc5 Rc8 34. Nc1 Qa7 35. Nd3 Bd7 36. Ne5 Rxc5 37. Qxc5 Be8 38. Qf8 Qxe3 39. Qxe8+ Kb7 40. Qc6+ Ka7 41. Nd7 Qd3+ 42. Ka2 Qa6 43. Qc7+ Qb7 44. Qxa5+ Qa6 45. Qc7+ Qb7 46. Qxb7+ Kxb7 47. Nc5+ Kc6 48. Nxe6 1-0